=LDR 00000nam 2200000 4500 =001 NUTBA000000000004414 =005 20140912104531.0 =006 =007 =008 =020 ##$$a 979-686-017-1 =035 ##$$a 0010-091400000000447 =040 ##$$a NBPDMAT =082 ##$$a 543 =090 ##$$a 543 $b Win k =100 ##$$a Winarno =245 ##$$a Kimia pangan dan gizi / $c F.G.Winarno =250 ##$$a Cet.9 =260 ##$$a Jakarta : $b Gramedia Pustaka Utama, $c 2002 =300 ##$$a xiii, 253 hlm. : $b ilus. ; $c 21 cm. =500 ##$$a Bibliografi : hlm. 241-243 =650 ##$$a Kimia Analisis =850 ##$$a NBPDMAT =990 ##$$a 21409087